000 01018nam a22002537a 4500
008 240610b mp ||||| |||| 00| 0 mon d
020 _a978-99973-1-738-4
035 _a25407
040 _aUVS1285160
_bmon
_cMN-UlNLM
_dMN-UlNLM
_erda
041 _amon
042 _a75174
084 _2NNA
_a84(7АНУ)-44
_bК 41
100 _aКинни Ж.
245 0 _aГашуун үнэн
264 _aУлаанбаатар хот
_bМонсудар хэвлэлийн газар
300 _a216х.
336 _2rdacontent
_atext
_btxt
337 _2rdamedia
_aunmediated
_bn
338 _2rdacarrier
_avolume
_bnc
490 _aДүрсгүй жаалын өдрийн тэмдэглэл
_v5
650 _aГрег Хеффли том болохыг тэсэн ядан хүлээнэ. Гэвч тэглээ гээд бүх зүйл сайхан болчихно гэж үү? Охид- хөвгүүдийн үдэшлэг, нэмэлт ү...
942 _2NNA
_cBK
999 _c948126
_d948183